Catálogo

EL PETROLEO DE AMERICA LATINA Y LA CRISIS DE LA ENERGIA (Registro nro. 7077)

Detalles MARC
000 -LEADER
fixed length control field 00516nam a2200181 a 4500
001 - CONTROL NUMBER
control field 7077
005 - DATE AND TIME OF LATEST TRANSACTION
control field 20180713190952.0
008 - FIXED-LENGTH DATA ELEMENTS--GENERAL INFORMATION
fixed length control field 140415s1977 ve 000 0 spa d
041 ## - LANGUAGE CODE
Language code of text/sound track or separate title spa
082 ## - DEWEY DECIMAL CLASSIFICATION NUMBER
Classification number 333.8232
Item number GRO
100 1# - MAIN ENTRY--PERSONAL NAME
Personal name GROSSLING, BERNARD F.
245 13 - TITLE STATEMENT
Title EL PETROLEO DE AMERICA LATINA Y LA CRISIS DE LA ENERGIA
250 ## - EDITION STATEMENT
Edition statement 1a ed.
260 ## - PUBLICATION, DISTRIBUTION, ETC.
Place of publication, distribution, etc. VENEZUELA :
Name of publisher, distributor, etc. EL CID EDITORES,
Date of publication, distribution, etc. 1977
300 ## - PHYSICAL DESCRIPTION
Extent 113
490 ## - SERIES STATEMENT
Series statement CUADERNOS DE CIENCIA NUEVA
Volume/sequential designation 2
650 14 - SUBJECT ADDED ENTRY--TOPICAL TERM
Topical term or geographic name entry element PETROLEO
General subdivision AMERICA LATINA
Existencias
Withdrawn status Lost status Source of classification or shelving scheme Damaged status Not for loan Collection code Home library Current library Shelving location Date acquired Source of acquisition Inventory number Total Checkouts Full call number Barcode Date last seen Date last checked out Price effective from Koha item type
    Dewey Decimal Classification     General Biblioteca Karol Wojtyla Biblioteca Karol Wojtyla Sala general 03/12/2013 Compra 151000000000000000052657   333.8232 GRO 1979 05/01/2026 10/04/2015 03/12/2013 Libro